Religion Quiz

Random Religion or Toys Quiz

Religious Teddy Bears Quiz Stats

 Plays Quiz Updated Jul 23, 2018

Challenge
Share
Tweet
Score 0/15 Timer 02:00
12 Plays Today
% Correct
Angel and Demon
95.2%
Christian Nun
93.6%
Pope
93%
Swiss Guard
91.2%
Rabbi
87.1%
Christian Priest
84.7%
Buddhist Monk
83.6%
Franciscan Monk
83.2%
% Correct
Taoist
78%
Imam
76.9%
Sikh
76.3%
Hindu
76.2%
St. Peter
72.5%
Dominican Monk
67.4%
Shinto Priest
64.5%

You're not logged in!

Compare scores with friends on all Sporcle quizzes.
OR
Log In

You Might Also Like...

Show Comments

Extras

Top Quizzes Today


Score Distribution

Your Account Isn't Verified!

In order to create a playlist on Sporcle, you need to verify the email address you used during registration. Go to your Sporcle Settings to finish the process.

Report this User

Report this user for behavior that violates our Community Guidelines.

Details: